| 000 | 00000nam##2200000za#4500 |
| 001 | 9.637798 |
| 003 | CaOODSP |
| 005 | 20210624221358 |
| 007 | cr ||||||||||| |
| 008 | 150407|2000||||xxc|||||o f|0| 0 fre|d |
| 040 | |aCaOODSP|bfre |
| 043 | |an-cn--- |
| 086 | 1 |aBT22-67/2000F-PDF |
| 110 | 1 |aCanada. |bConseil du trésor. |
| 245 | 10|aFaire place au changement dans la fonction publique fédérale / |h[ressource électronique]|c[publié par le] Groupe de travail sur la participation des minorités visible dans la fonction publique fédérale. |
| 260 | |bSecrétariat du Conseil du Trésor du Canada |c2000. |
| 300 | |a62p.|bgraphiques, tableaux |
| 500 | |aLe n° de catalogue (BT22-67/2000) et l'ISBN (0-662-64875-7) de l'édition imprimée bilingue ont été incorrectement copiés dans l'édition électronique. |
| 590 | |a10-07-Supp|b2010-09-08 |
| 691 | 07|aFonction publique|2gcpds |
| 691 | 07|aMinorité visible|2gcpds |
| 775 | 08|tEmbracing change in the federal public service / |w(CaOODSP)9.693623 |
| 776 | 0#|tEmbracing change in the Federal Public Service / |w(CaOODSP)9.661749 |
| 776 | 0#|tEmbracing change in the Federal Public Service / |w(CaOODSP)9.661751 |
| 776 | 0#|tFaire place au changement dans la fonction publique fédérale / |w(CaOODSP)9.661752 |
| 776 | 0#|tFaire place au changement dans la fonction publique fédérale / |w(CaOODSP)9.661750 |
| 856 | 40|ahttp://publications.gc.ca|qPDF|s1.13 Mo|uhttps://publications.gc.ca/collections/Collection/BT22-67-2000F.pdf |